| 000 | 00634nam a2200241Ia 4500 | ||
|---|---|---|---|
| 003 | OSt | ||
| 005 | 20221006155244.0 | ||
| 006 | a|||||r|||| 00| 0 | ||
| 007 | ta | ||
| 008 | 221006b |||||||| |||| 00| 0 chi d | ||
| 024 | _a41,312 | ||
| 037 | _cSeries Articles | ||
| 040 |
_aEASL _cEASL _bchi |
||
| 041 |
_2chi _achi |
||
| 100 |
_aMurthy Viren _9668730 |
||
| 245 | 0 | _aPolitics of imagining Asia | |
| 260 |
_aCanberra _bAustralian National University Australia _c2012 |
||
| 300 |
_a178-181 _ccm. |
||
| 490 | _v67 | ||
| 650 |
_aPolitics _9265771 |
||
| 942 |
_cREF _2CC |
||
| 999 |
_c1109398 _d1109398 |
||